000 01723aam a2200325 4500
001 20241
003 CO-MdFUSB
005 20190202100233.0
008 170310b xxu||||| |||| 00| 0 eng d
040 _aCO-MdFUSB
_bspa
_cCO-MdFUSB
_dCO-MdFUSBC
_erda
041 0 _aeng
082 0 4 _aG 283.092
100 1 _aDuffield, G. E., (Editor)
245 0 3 _aThe work of Thomas Cranmer
_c/ Edited by G. E. Duffield
_b:
264 1 _aBerkshire, England :
_bThe Sutton Courtenay Press,
_c[1964]
264 4 _c©1964
300 _axlv, 370 páginas
_c; 23 cm
_b:
336 _2rdacontent
_a1
_ba1
337 _2rdamedia
_a2
_b5
338 _2rdacarrier
_a2
_b5
490 _aThe Courtenay Library of Reformation Classics
501 _aPasta dura
504 _aIncluye índice (págias: 367-370)
505 0 0 _aLa justificación por la fe: De los 1538 artículos. A partir de las anotaciones del libro del Rey 1538 (?) Discursos : En los consejos generales, 1535. Convocatoria de 1536. La coronación de Eduardo VI, 1547. Preguntas y respuestas, 1540. Prefacio a la Biblia, 1540. Defensa de la verdadera doctrina católica de la Santa Cena, 1550. Las proclamas: El Consejo de Ridley en las mesas de la comunión, 1551. Las razones para esto. Mandato para la suscripción de los Artículos, 1552. Notas sobre la rebelión de 1549. Cartas: el reinado de Enrique VIII y Eduardo VI. El reinado de María. Cartas a los reformadores continentales. Las escenas finales, apelación y la disculpa de Cranmer. Biblioteca de Cranmer
650 0 _aTeología doctrinal
_xHistoria
_eIglesia Anglicana
_yc.a. 1800
_9159
650 7 _aEucaristía
_9365
_eIglesia Anglicana
700 1 _aPacker, J.I.
_eintroductor
830 _v2
942 _cBK
999 _c46592
_d46592